[Event "European Blitz 2017"]
[Site "Katowice POL"]
[Date "2017.12.15"]
[Round "17.66"]
[White "Lewicki, Miroslaw"]
[Black "Kovalev, Vladislav"]
[Result "0-1"]
[WhiteTitle "CM"]
[BlackTitle "GM"]
[WhiteElo "2404"]
[BlackElo "2639"]
[WhiteFideId "1113380"]
[BlackFideId "13504398"]
[EventDate "2017.12.15"]
[EventType "blitz"]

1. e4 e5 2. Nf3 Nc6 3. Nc3 Nf6 4. Bb5 Bd6 5. O-O O-O 6. d3 Re8 7. h3 a6 8. Bc4
Na5 9. Bg5 h6 10. Bh4 c6 11. a3 Nxc4 12. dxc4 Bf8 13. Qd3 Qe7 14. Rad1 Qe6 15.
Bg3 d6 16. c5 Nh5 17. Bh2 dxc5 18. Nxe5 b5 19. Rfe1 Be7 20. Nd5 Ra7 21. Nxe7+
Raxe7 22. Qc3 Qf6 23. Qf3 Rxe5 24. Bxe5 Qxe5 25. b4 c4 26. c3 Nf4 27. Rd4 Nd3
28. Re3 Be6 29. Qd1 c5 30. bxc5 Qxc5 31. Qa1 a5 32. f4 b4 33. axb4 axb4 34. f5
Bxf5 35. cxb4 Qxb4 36. Rexd3 Be6 37. Rd1 Qc5 38. Qc3 Kh7 39. Kh2 Rb8 40. Qc2
Qe5+ 41. Kh1 Rb3 42. Rd8 Bxh3 43. gxh3 Rxh3+ 44. Kg1 Rg3+ 45. Kf1 Qf4+ 46. Ke1
Qe3+ 0-1

[Event "European Blitz 2017"]
[Site "Katowice POL"]
[Date "2017.12.15"]
[Round "17.67"]
[White "Meskovs, Nikita"]
[Black "Macko, Miroslav"]
[Result "1-0"]
[WhiteTitle "GM"]
[BlackTitle "FM"]
[WhiteElo "2538"]
[BlackElo "2262"]
[WhiteFideId "11602740"]
[BlackFideId "14932695"]
[EventDate "2017.12.15"]
[EventType "blitz"]

1. c4 e5 2. Nc3 Nf6 3. g3 d5 4. cxd5 Nxd5 5. Bg2 Nb6 6. Nf3 Nc6 7. Rb1 a5 8. a3
f6 9. O-O Be6 10. d3 Be7 11. Be3 O-O 12. Rc1 Nd4 13. Bxd4 exd4 14. Ne4 Bd5 15.
Nc5 Kh8 16. Qc2 f5 17. Nb3 Bxf3 18. Bxf3 Bg5 19. Rb1 c6 20. Nc5 Qe7 21. b4 axb4
22. Rxb4 Nd5 23. Rxb7 Qd6 24. Rd7 Qh6 25. Bxd5 cxd5 26. Qb3 f4 27. Qxd5 fxg3 28.
hxg3 Bf6 29. a4 Qd2 30. Qh5 h6 31. Kg2 Rfe8 32. Ra7 Qxe2 33. Qxe2 Rxe2 34. Rxa8+
Kh7 35. a5 1-0

[Event "European Blitz 2017"]
[Site "Katowice POL"]
[Date "2017.12.15"]
[Round "17.68"]
[White "Laurusas, Tomas"]
[Black "Lavendelis, Egons"]
[Result "1/2-1/2"]
[WhiteTitle "IM"]
[BlackTitle "FM"]
[WhiteElo "2423"]
[BlackElo "2278"]
[WhiteFideId "12803731"]
[BlackFideId "11601647"]
[EventDate "2017.12.15"]
[EventType "blitz"]

1. d4 Nf6 2. c4 g6 3. Nc3 d5 4. cxd5 Nxd5 5. g3 Bg7 6. Bg2 Nxc3 7. bxc3 c5 8. e3
O-O 9. Ne2 Nc6 10. O-O Qc7 11. Nf4 e6 12. Ba3 b6 13. dxc5 b5 14. Qd6 Qxd6 15.
cxd6 Bd7 16. Ne2 Rac8 17. Nd4 Ne5 18. Bb4 Nc4 19. Nb3 Rfd8 20. Na5 Be5 21. Nb7
Rf8 22. Rfd1 Nb2 23. Rdb1 Nc4 24. Nc5 Rfd8 25. Nb7 Rf8 26. a4 bxa4 27. Nc5 Rfd8
28. Nb7 Rf8 29. Nc5 Rfd8 30. Nxd7 Rxd7 31. Rxa4 Nb6 32. Ra6 Bxc3 33. Ba3 Be5 34.
Rd1 Rc4 35. f4 Bg7 36. Bf1 Rc3 37. Bb5 Rd8 38. e4 Nc8 39. e5 Rb3 40. Bc6 Rb6 41.
Rxb6 Nxb6 42. Bc5 f6 43. Bd4 fxe5 44. fxe5 Nc4 45. Bxa7 Nxe5 46. Bb5 Nd7 47. Rc1
Be5 48. Rd1 Kf7 49. Rf1+ Kg8 50. Rd1 Kf7 51. Bc4 Nf6 52. Bc5 Ne4 53. Rf1+ Bf6
54. Bb4 Nxd6 55. Be2 Nf5 56. g4 Ne3 57. Rf4 Nd5 58. Re4 Nxb4 59. Rxb4 Rd4 60.
Rxd4 Bxd4+ 61. Kg2 1/2-1/2

[Event "European Blitz 2017"]
[Site "Katowice POL"]
[Date "2017.12.15"]
[Round "17.69"]
[White "Ondrus, Martin"]
[Black "Pena Gomez, Manuel"]
[Result "0-1"]
[BlackTitle "IM"]
[WhiteElo "2261"]
[BlackElo "2491"]
[WhiteFideId "14913330"]
[BlackFideId "2252813"]
[EventDate "2017.12.15"]
[EventType "blitz"]

1. e4 c5 2. Nf3 e6 3. d4 cxd4 4. Nxd4 Nc6 5. Nc3 Qc7 6. Be3 a6 7. f4 b5 8. Qf3
Bb7 9. Bd3 Nf6 10. O-O-O Rc8 11. Kb1 Na5 12. g4 b4 13. Nce2 d5 14. e5 Ne4 15.
Ng3 Nc5 16. f5 Nc4 17. Bf4 Qb6 18. Ka1 Na4 19. Bxc4 dxc4 20. Ne4 Nc5 0-1

[Event "European Blitz 2017"]
[Site "Katowice POL"]
[Date "2017.12.15"]
[Round "17.70"]
[White "Cherepov, Alexej"]
[Black "Kazakovskiy, Valeriy"]
[Result "1/2-1/2"]
[BlackTitle "IM"]
[WhiteElo "2156"]
[BlackElo "2422"]
[WhiteFideId "13503650"]
[BlackFideId "13507443"]
[EventDate "2017.12.15"]
[EventType "swiss"]

1. d4 Nf6 2. c4 e6 3. a3 d5 4. Nf3 c6 5. Nbd2 b6 6. e3 Be7 7. Bd3 Ba6 8. O-O O-O
9. Qe2 Nbd7 10. b4 Rc8 11. b5 dxc4 12. Bxc4 cxb5 13. Bxb5 Bxb5 14. Qxb5 Qc7 15.
Bb2 Qb7 16. Rac1 a6 17. Qd3 b5 18. Nb3 Nb6 19. Nfd2 Na4 20. Qb1 Nb6 21. Na5 Qa8
22. Ndb3 Na4 23. Nd2 Nd5 24. Qa1 f5 25. g3 Rxc1 26. Rxc1 Rc8 27. Nab3 Rxc1+ 28.
Qxc1 Nxb2 29. Qxb2 Qc6 30. Na5 Qc7 31. Ndb3 Nb6 32. h4 Na4 33. Qa1 Qc3 34. Kg2
Qxa1 35. Nxa1 Bxa3 36. Nc6 Bd6 37. Nb3 Kf7 38. Kf3 Nb6 39. Ke2 Ke8 40. h5 Kd7
41. Nca5 Nd5 42. Nb7 Nc3+ 43. Kd3 Ne4 44. Ke2 Kc6 45. Nd8+ Kd5 46. Nf7 Bc7 47.
h6 gxh6 48. Nxh6 a5 49. Nf7 a4 50. Na1 b4 51. f3 Nxg3+ 52. Kd3 b3 53. Kc3 Ba5+
54. Kb2 Nf1 55. Ng5 Nxe3 56. Nxh7 Nc4+ 57. Kb1 Kxd4 58. Nf8 Kd5 59. f4 Bc7 60.
Ng6 Ke4 61. Nf8 Bxf4 62. Nxe6 Be3 63. Nc7 Bd4 64. Ne6 Na3+ 65. Kc1 b2+ 1/2-1/2

[Event "European Blitz 2017"]
[Site "Katowice POL"]
[Date "2017.12.15"]
[Round "17.71"]
[White "Wachinger, Nikolas"]
[Black "Skliarov, Viktor"]
[Result "1/2-1/2"]
[BlackTitle "IM"]
[WhiteElo "2243"]
[BlackElo "2353"]
[WhiteFideId "12962791"]
[BlackFideId "14106736"]
[EventDate "2017.12.15"]
[EventType "blitz"]

1. e4 c5 2. Nf3 Nc6 3. Bb5 e6 4. O-O Nge7 5. Re1 Nd4 6. Nxd4 cxd4 7. c3 a6 8.
Bf1 Nc6 9. d3 Be7 10. Bf4 O-O 11. Nd2 d5 12. exd5 Qxd5 13. Nf3 Bf6 14. c4 Qf5
15. Bg3 b6 16. Qe2 Bb7 17. a3 a5 18. Ne5 Rfd8 19. Qg4 Ne7 20. Qxf5 Nxf5 21. Ng4
Nxg3 22. Nxf6+ gxf6 23. hxg3 a4 24. Be2 Ra5 25. Rab1 Rc8 26. b4 axb3 27. Rxb3
Bc6 28. Rxb6 Rxa3 29. Reb1 Kg7 30. Kf1 Rc7 31. R6b4 e5 32. Rb6 f5 33. R1b3 Ra1+
34. Rb1 Rxb1+ 35. Rxb1 e4 36. Rd1 Rd7 37. g4 f4 38. dxe4 Bxe4 39. Bd3 Bxd3+ 40.
Rxd3 Kf6 41. Ra3 d3 42. Ke1 Ke5 43. Kd2 Ke4 44. f3+ Ke5 45. Rxd3 Ra7 46. Rd5+
Ke6 47. Kd3 Ra2 48. Ke4 Rc2 49. Re5+ Kf6 50. Rf5+ Ke6 51. c5 Rxg2 52. Kxf4 Rc2
53. Rh5 Rc4+ 54. Kg3 f6 55. f4 Rc3+ 56. Kh4 Rc4 57. f5+ Ke5 58. Rxh7 Rxc5 59.
Re7+ Kf4 60. Re6 Rc8 61. Kh5 Rh8+ 62. Kg6 Kxg4 63. Kxf6 Rf8+ 64. Ke7 Rxf5 65.
Rg6+ Rg5 66. Rxg5+ Kxg5 1/2-1/2

[Event "European Blitz 2017"]
[Site "Katowice POL"]
[Date "2017.12.15"]
[Round "17.72"]
[White "Berchtenbreiter, Maximilian"]
[Black "Brzezinski, Mateusz"]
[Result "1/2-1/2"]
[WhiteTitle "IM"]
[WhiteElo "2387"]
[BlackElo "2164"]
[WhiteFideId "24641120"]
[BlackFideId "1177117"]
[EventDate "2017.12.15"]
[EventType "swiss"]

1. e4 e6 2. d4 d5 3. Nc3 Bb4 4. e5 c5 5. Bd2 Nh6 6. Nb5 Bxd2+ 7. Qxd2 O-O 8. c3
Nc6 9. f4 cxd4 10. Nxd4 f6 11. Ngf3 fxe5 12. Nxc6 bxc6 13. Nxe5 Qb6 14. b3 Nf7
15. Qd4 c5 16. Qe3 Nxe5 17. Qxe5 Rf5 18. Qe3 Qd6 19. g3 e5 20. O-O-O exf4 21.
gxf4 Qxf4 22. Qxf4 Rxf4 23. Bg2 Bb7 24. c4 Rd4 25. Rxd4 cxd4 26. Rd1 Rb8 27. c5
a5 28. Rxd4 Rd8 29. Ra4 Ra8 30. a3 Bc6 31. Rd4 Rd8 32. b4 Kf7 33. Bf1 axb4 34.
axb4 Rb8 35. b5 1/2-1/2

[Event "European Blitz 2017"]
[Site "Katowice POL"]
[Date "2017.12.15"]
[Round "17.73"]
[White "Kourousis, Epaminondas"]
[Black "Medarde Santiago, Luis Marcos"]
[Result "1-0"]
[WhiteTitle "IM"]
[BlackTitle "FM"]
[WhiteElo "2393"]
[BlackElo "2350"]
[WhiteFideId "4211626"]
[BlackFideId "2263076"]
[EventDate "2017.12.15"]
[EventType "blitz"]

1. d4 Nf6 2. c4 e6 3. g3 d5 4. Nf3 Be7 5. Bg2 O-O 6. O-O dxc4 7. Qc2 a6 8. a4
Bd7 9. Qxc4 Bc6 10. Bg5 Bd5 11. Qc1 Nbd7 12. Nc3 Bxf3 13. Bxf3 c6 14. Qc2 a5 15.
e4 Rc8 16. Be3 e5 17. Rad1 exd4 18. Bxd4 Qc7 19. Rfe1 Bc5 20. Bxf6 Nxf6 21. e5
Nd7 22. Qf5 Rcd8 23. Ne4 Qxe5 24. Bg4 Qxf5 25. Bxf5 Bb4 26. Re3 Nf6 27. Nxf6+
gxf6 28. Red3 Rxd3 29. Rxd3 Re8 30. Kg2 Re2 31. Rd8+ Kg7 32. Rd7 b6 33. Bd3 Rxb2
34. Bc4 Bc5 35. Rxf7+ Kg6 36. Rc7 Rxf2+ 37. Kh3 Rc2 38. Bd3+ Kg5 39. Bxc2 h5 40.
Kg2 Bd4 41. h4+ 1-0

[Event "European Blitz 2017"]
[Site "Katowice POL"]
[Date "2017.12.15"]
[Round "17.74"]
[White "Barski, Radoslaw"]
[Black "Miezis, Normunds"]
[Result "1-0"]
[WhiteTitle "IM"]
[BlackTitle "GM"]
[WhiteElo "2452"]
[BlackElo "2434"]
[WhiteFideId "1131710"]
[BlackFideId "11600136"]
[EventDate "2017.12.15"]
[EventType "blitz"]

1. e4 c5 2. Nf3 e6 3. d4 cxd4 4. Nxd4 a6 5. c4 Nf6 6. Nc3 Bb4 7. Qf3 Qc7 8. Nc2
Bd6 9. Be2 Nc6 10. Qh3 b6 11. O-O Bb7 12. f4 Bc5+ 13. Be3 h5 14. e5 Nxe5 15.
fxe5 Qxe5 16. Bxc5 Qxc5+ 17. Qe3 Qc7 18. Rad1 Ng4 19. Bxg4 hxg4 20. Qf4 Qc5+ 21.
Rf2 f5 22. b4 Qe7 23. Rd6 Bc6 24. Qe5 Rc8 25. Nd4 Ba8 26. Rxb6 O-O 27. Nxf5 Qg5
28. Ne7+ Qxe7 29. Rxf8+ Rxf8 30. Rb8 Qf7 31. Rxf8+ Qxf8 32. c5 Bc6 33. a4 Qa8
34. b5 axb5 35. axb5 Qa1+ 36. Kf2 Qb2+ 37. Ke3 Qc1+ 38. Kd3 Qf1+ 39. Kc2 Bxb5
40. Qb8+ Kf7 41. Qxb5 Qxg2+ 42. Kb3 Qb7 43. Kc4 Qa6 44. Kd4 Qa1 45. Kd3 1-0

[Event "European Blitz 2017"]
[Site "Katowice POL"]
[Date "2017.12.15"]
[Round "17.75"]
[White "Peterson, Emery"]
[Black "Mikrut, Dariusz"]
[Result "0-1"]
[BlackTitle "IM"]
[WhiteElo "2168"]
[BlackElo "2375"]
[WhiteFideId "4610920"]
[BlackFideId "1112791"]
[EventDate "2017.12.15"]
[EventType "blitz"]

1. d4 Nf6 2. Nc3 d5 3. e4 dxe4 4. f3 e3 5. Bxe3 e6 6. Bd3 Nbd7 7. Nge2 c5 8. O-O
Be7 9. Qe1 cxd4 10. Nxd4 Ne5 11. Be2 a6 12. Rd1 Bd7 13. Kh1 Rc8 14. Qg3 Ng6 15.
f4 O-O 16. f5 exf5 17. Nxf5 Re8 18. Nxe7+ Qxe7 19. Bg5 Rxc3 20. Qxc3 Qxe2 21.
Bxf6 gxf6 22. Rfe1 Qg4 23. Rxe8+ Bxe8 24. Rd8 Qe2 25. h3 Kg7 26. Qc8 Bc6 27.
Rg8+ Kh6 28. Qg4 Qxg4 29. hxg4 Kg5 30. Kh2 Kxg4 31. g3 h5 32. Rg7 Bd5 33. Rg8 f5
34. b3 f4 35. gxf4 Kxf4 36. c4 Be6 37. Rb8 Ne5 38. Rxb7 Ng4+ 39. Kg1 h4 40. Rb6
Kg3 41. Rd6 Bf5 42. Rd4 h3 43. c5 h2+ 0-1

[Event "European Blitz 2017"]
[Site "Katowice POL"]
[Date "2017.12.15"]
[Round "17.76"]
[White "Mroziak, Maciej"]
[Black "Sieciechowicz, Marcin"]
[Result "1/2-1/2"]
[WhiteTitle "IM"]
[BlackTitle "IM"]
[WhiteElo "2397"]
[BlackElo "2387"]
[WhiteFideId "1139665"]
[BlackFideId "1130170"]
[EventDate "2017.12.15"]
[EventType "blitz"]

1. e4 e6 2. d3 d5 3. Nd2 Nf6 4. Ngf3 b6 5. g3 Bb7 6. e5 Nfd7 7. Bg2 c5 8. O-O
Nc6 9. Re1 g6 10. c3 Bg7 11. d4 O-O 12. Nf1 f6 13. exf6 Qxf6 14. Bg5 Qf7 15. Bf4
h6 16. h4 Rfe8 17. Qd2 Kh7 18. N1h2 e5 19. dxe5 Ndxe5 20. Nxe5 Nxe5 21. Bxe5
Bxe5 22. Rxe5 Rxe5 23. Ng4 Rh5 24. Re1 Rd8 25. c4 Bc8 26. Ne3 Re5 27. Nxd5 Rxe1+
28. Qxe1 Be6 29. Nf4 Re8 30. h5 Bf5 31. hxg6+ Bxg6 32. Qc3 Be4 33. Bxe4+ Rxe4
34. Nd5 Re6 35. Qd3+ Kg8 36. Nf4 Re8 37. Qc3 Qg7 38. Qd2 Qf7 39. Nd5 Re6 40. Qc3
Kh7 41. Nf4 Rf6 42. Qd3+ Kg8 43. Qd8+ Kh7 44. Qd3+ Kg8 45. Qd8+ Kh7 46. Qd3+ Kg8
47. Kg2 Rf5 48. Qd2 Kh7 49. Nd5 Qe6 50. Qd3 Kg7 51. Qc3+ Qe5 52. Qd3 Rf7 53. b3
Qd4 54. Qe2 Kg8 55. Qe8+ Kg7 56. Qe2 Kg8 57. Qe8+ Kg7 58. Qe2 Kg8 59. Nf4 Qd6
60. Qe8+ Rf8 61. Qe4 Rf7 62. Nd5 Kg7 63. Qg4+ Kh7 64. Qe4+ Qg6 65. Qe2 Qf5 66.
Nf4 Qd7 67. Qe4+ Qf5 68. Qe8 Kg7 69. Ne6+ Kh7 70. Nf4 Kg7 71. Qe3 Kh7 72. Nd5
Qg6 73. Nf4 Qf5 74. Qe8 1/2-1/2

[Event "European Blitz 2017"]
[Site "Katowice POL"]
[Date "2017.12.15"]
[Round "17.77"]
[White "Kastelik, Adrian"]
[Black "Reichmann, Hendrik"]
[Result "0-1"]
[BlackTitle "FM"]
[WhiteElo "2176"]
[BlackElo "2337"]
[WhiteFideId "1134701"]
[BlackFideId "4647823"]
[EventDate "2017.12.15"]
[EventType "blitz"]

1. e4 g6 2. d4 Bg7 3. Nc3 c5 4. Nf3 cxd4 5. Nxd4 Nc6 6. Nb3 Nf6 7. Be2 O-O 8.
O-O d6 9. Re1 Be6 10. Bf1 Rc8 11. Be3 Ng4 12. Qd2 Nxe3 13. Qxe3 a6 14. Rad1 Re8
15. f4 Nb4 16. Rd2 Bxc3 17. bxc3 Nxa2 18. Nd4 Rxc3 19. Qf2 Bd7 20. f5 Nb4 21.
Ne2 Rxc2 22. Rxc2 Nxc2 23. Nf4 Nxe1 24. Qxe1 Qb6+ 25. Kh1 Qd4 26. fxg6 hxg6 27.
Qg3 Qxe4 28. Bd3 Qe5 29. Qf3 Bc6 30. Qf2 Qa1+ 31. Bf1 Bb5 32. Ne2 Rc8 33. h4 Rc2
34. h5 Qh8 35. g4 Bc6+ 36. Kg1 gxh5 37. g5 Qe5 38. Qh4 Rxe2 39. Bxe2 Qxe2 40.
Qg3 Qd1+ 41. Kf2 Qd2+ 42. Kf1 Be4 43. g6 Bxg6 44. Kg1 Qd4+ 45. Kh2 Qe5 46. Kh1
Qe4+ 47. Kh2 h4 48. Qf2 Qe5+ 49. Kh3 Qg3+ 50. Qxg3 hxg3 0-1

[Event "European Blitz 2017"]
[Site "Katowice POL"]
[Date "2017.12.15"]
[Round "17.78"]
[White "Lubczynski, Rafal"]
[Black "Stauskas, Lukas"]
[Result "1-0"]
[WhiteTitle "IM"]
[WhiteElo "2429"]
[BlackElo "2349"]
[WhiteFideId "1126091"]
[BlackFideId "12808148"]
[EventDate "2017.12.15"]
[EventType "blitz"]

1. Nf3 c5 2. c4 Nf6 3. Nc3 d5 4. cxd5 Nxd5 5. e3 Nc6 6. Bc4 Ndb4 7. d3 Bf5 8. e4
Bg6 9. a3 Na6 10. Bxa6 bxa6 11. Qa4 Qd7 12. Be3 e6 13. Qxa6 Rb8 14. Na4 Nd4 15.
Bxd4 cxd4 16. Rc1 f6 17. Rc6 Bf7 18. e5 Be7 19. O-O O-O 20. Rfc1 Rb7 21. R1c4
Rfb8 22. Rxd4 Qe8 23. b4 fxe5 24. Rdc4 Bf6 25. Nc5 Rb6 26. Rxb6 axb6 27. Ne4 Ra8
28. Qb7 Bd8 29. Nxe5 Rxa3 30. g4 h6 31. Nd6 Qe7 32. Qxe7 Bxe7 33. Rc8+ Kh7 34.
Ndxf7 1-0

[Event "European Blitz 2017"]
[Site "Katowice POL"]
[Date "2017.12.15"]
[Round "17.79"]
[White "Meissner, Felix"]
[Black "Paprocki, Jaroslaw"]
[Result "1/2-1/2"]
[WhiteTitle "FM"]
[WhiteElo "2333"]
[BlackElo "2184"]
[WhiteFideId "24671827"]
[BlackFideId "1122274"]
[EventDate "2017.12.15"]
[EventType "blitz"]

1. e4 e5 2. Nf3 Nc6 3. d4 exd4 4. Nxd4 Bb4+ 5. Nc3 Nf6 6. Nxc6 bxc6 7. Bd3 d5 8.
exd5 cxd5 9. O-O O-O 10. h3 h6 11. Bf4 c6 12. Qf3 Bd6 13. Rfe1 Bxf4 14. Qxf4 Be6
15. Na4 Nd7 16. Qd6 Nb6 17. Rxe6 Nxa4 18. Qxd8 Rfxd8 19. Rxc6 Nxb2 20. Ba6 Rab8
21. Rb1 Nc4 22. Rxb8 Rxb8 23. Bxc4 dxc4 24. Rxc4 Rb1+ 25. Kh2 Rb2 26. a4 a5 27.
Rc5 Ra2 28. Rxa5 Rxc2 29. Kg3 Kh7 30. Rb5 Ra2 31. a5 Ra4 32. h4 Kg6 33. f3 h5
34. Rb6+ f6 35. a6 Kf5 36. Rc6 g5 37. hxg5 fxg5 38. Kh2 h4 39. Rc5+ Kf4 40. Rc6
Kf5 41. Rb6 Ra2 42. Kh3 Ke5 43. Rb5+ Kf4 44. Rb6 Kf5 45. Rc6 Ke5 46. Rb6 Kf4 47.
Re6 Kf5 48. Rb6 Ke5 49. a7 Rxa7 50. Kg4 Ra2 51. Rb5+ Kf6 52. Rf5+ Ke6 53. Rxg5
Rxg2+ 54. Kxh4 Rf2 55. Kg3 Rf1 56. Kf4 Kf6 57. Ra5 Rb1 58. Ra6+ Kf7 59. Kg4 Rg1+
60. Kf5 Rb1 61. Ra7+ Kf8 62. f4 Rb5+ 63. Kg4 Rb4 64. Kg5 Rb6 65. f5 Rc6 66. Rh7
Ra6 67. Rc7 Rb6 68. Rc3 Kf7 69. Rh3 Kg7 70. Ra3 Kf7 71. Ra7+ Kf8 72. Rc7 Kg8 73.
Ra7 Kf8 74. Rh7 Kg8 75. Rh2 Kg7 76. Re2 Kf8 77. Re6 Rxe6 1/2-1/2

[Event "European Blitz 2017"]
[Site "Katowice POL"]
[Date "2017.12.15"]
[Round "17.80"]
[White "Segura Ariza, Jose Luis"]
[Black "De Filomeno, Simone"]
[Result "0-1"]
[WhiteTitle "CM"]
[BlackTitle "IM"]
[WhiteElo "2177"]
[BlackElo "2429"]
[WhiteFideId "2225972"]
[BlackFideId "828688"]
[EventDate "2017.12.15"]
[EventType "blitz"]

1. d4 Nf6 2. c4 d6 3. Nc3 e5 4. dxe5 dxe5 5. Qxd8+ Kxd8 6. f4 Nc6 7. Nf3 Bb4 8.
Bd2 exf4 9. O-O-O Ke7 10. Bxf4 Bxc3 11. bxc3 Be6 12. e3 Rac8 13. Nd4 Na5 14.
Nxe6 fxe6 15. Be2 h6 16. h4 Nc6 17. g4 e5 18. Bh2 Ne4 19. Bf3 Nf2 20. Bd5 Nxh1
21. Rxh1 Rhf8 22. Bg3 Kd6 23. Kd2 Rb8 24. Rb1 Na5 25. Kd3 c6 26. Be4 b6 27. Rd1
Rbd8 28. Kc2+ Kc5 29. Rxd8 Rxd8 30. Bxe5 Nxc4 31. Bxg7 Nxe3+ 32. Kb3 Nxg4 33.
Bf3 h5 34. Bd4+ Rxd4 35. cxd4+ Kxd4 36. Bxc6 Kc5 37. Be8 Nf6 38. Bg6 b5 39. a4
b4 40. a5 Kb5 41. a6 Ka5 42. Bf7 Ne4 43. Be6 Nc5+ 44. Kc4 Nxe6 45. Kd5 Nf4+ 46.
Ke4 Ng2 47. Kd4 0-1

[Event "European Blitz 2017"]
[Site "Katowice POL"]
[Date "2017.12.15"]
[Round "17.81"]
[White "Wilk, Krzysztof"]
[Black "Piesik, Piotr"]
[Result "0-1"]
[BlackTitle "FM"]
[WhiteElo "2125"]
[BlackElo "2374"]
[WhiteFideId "1116193"]
[BlackFideId "1136194"]
[EventDate "2017.12.15"]
[EventType "blitz"]

1. b4 e5 2. a3 d5 3. Bb2 Bd6 4. e3 Nf6 5. d4 Qe7 6. Nf3 Nbd7 7. dxe5 Nxe5 8.
Nbd2 O-O 9. Be2 c6 10. O-O a5 11. b5 a4 12. c4 Bf5 13. bxc6 bxc6 14. Nd4 Bd7 15.
cxd5 cxd5 16. N2f3 Rab8 17. Ra2 Ne4 18. Nxe5 Bxe5 19. Ba1 Rfd8 20. Bf3 Rb6 21.
Bxe4 dxe4 22. g3 Rh6 23. f4 exf3 24. Qxf3 Rf6 25. Qg2 Rxf1+ 26. Qxf1 Bf6 27. Qf3
Re8 28. Kf2 Bg5 29. e4 Qxe4 30. Qxe4 Rxe4 31. Nf3 Be7 32. Rd2 Be6 33. Bb2 h6 34.
Rd4 Bc5 35. Kg2 Bxd4 36. Bxd4 Re2+ 37. Kf1 Ra2 38. Bc5 Bc4+ 39. Kg1 Bd5 40. Nh4
Be4 0-1

[Event "European Blitz 2017"]
[Site "Katowice POL"]
[Date "2017.12.15"]
[Round "17.82"]
[White "Kumala, Aleksander"]
[Black "Putka, Verners"]
[Result "0-1"]
[WhiteElo "2220"]
[BlackElo "2307"]
[WhiteFideId "1141880"]
[BlackFideId "11600659"]
[EventDate "2017.12.15"]
[EventType "blitz"]

1. e4 e5 2. Nc3 Nf6 3. f4 d5 4. fxe5 Nxe4 5. Qf3 Nxc3 6. bxc3 Be6 7. d4 Nd7 8.
Bd3 c5 9. Ne2 g6 10. Nf4 Qa5 11. O-O O-O-O 12. Nxe6 fxe6 13. Qh3 Qxc3 14. Be3 c4
15. Be2 h5 16. Rf3 Qxa1+ 17. Rf1 Qc3 18. Rf3 Qxc2 19. Bf1 Re8 20. Rf7 Qc3 21.
Rf3 Qa1 22. Bg5 Qxd4+ 23. Be3 Qxe5 24. Bxa7 b6 25. Rf7 Bc5+ 26. Kh1 Rhf8 27.
Rxf8 Rxf8 0-1

[Event "European Blitz 2017"]
[Site "Katowice POL"]
[Date "2017.12.15"]
[Round "17.83"]
[White "Dobrowolski, Piotr"]
[Black "Psyk, Radoslaw"]
[Result "0-1"]
[WhiteTitle "IM"]
[WhiteElo "2421"]
[BlackElo "2222"]
[WhiteFideId "1106236"]
[BlackFideId "1182838"]
[EventDate "2017.12.15"]
[EventType "swiss"]

1. e4 Nf6 2. e5 Nd5 3. d4 d6 4. c4 Nb6 5. exd6 exd6 6. Nc3 Be7 7. Bd3 O-O 8.
Nge2 Na6 9. b3 c6 10. O-O Nb4 11. Bb1 d5 12. c5 Nd7 13. a3 Na6 14. b4 Nc7 15.
Bf4 Re8 16. Re1 Ne6 17. Bg3 Bf6 18. Qd3 g6 19. Bc2 Ndf8 20. b5 Ng7 21. bxc6 bxc6
22. Ba4 Bd7 23. Qa6 Qc8 24. Qxc8 Raxc8 25. Rab1 Nf5 26. Red1 Nxg3 27. hxg3 Rb8
28. Kf1 Rec8 29. f3 Be8 30. Kf2 Ne6 31. Ke3 Kf8 32. Nf4 Nxc5 33. dxc5 Bxc3 34.
Kd3 Be5 35. Ne2 Bd7 36. Nd4 Rxb1 37. Rxb1 Ke7 38. Rb7 Kd8 39. Rxa7 Bxd4 40. Kxd4
Rb8 41. Ra6 0-1

[Event "European Blitz 2017"]
[Site "Katowice POL"]
[Date "2017.12.15"]
[Round "17.84"]
[White "Vykouk, Jan"]
[Black "Berzina, Ilze"]
[Result "0-1"]
[WhiteTitle "FM"]
[BlackTitle "WGM"]
[WhiteElo "2435"]
[BlackElo "2211"]
[WhiteFideId "349658"]
[BlackFideId "11601345"]
[EventDate "2017.12.15"]
[EventType "blitz"]

1. Nf3 d5 2. c4 c6 3. g3 Nf6 4. Bg2 Bg4 5. cxd5 cxd5 6. Qb3 Qb6 7. Qxb6 axb6 8.
Nc3 e6 9. d3 Bb4 10. O-O O-O 11. Nb5 Nc6 12. Bf4 Ra5 13. a4 Nd7 14. d4 f6 15. h3
Bf5 16. Bd2 Bc2 17. Rfc1 Bxa4 18. Bxb4 Nxb4 19. Nd6 Bc6 20. Nd2 Rfa8 21. Rxa5
Rxa5 22. e4 Ra2 23. exd5 Nxd5 24. Re1 Rxb2 25. N2c4 Rc2 26. Rxe6 h6 27. Re8+ Nf8
28. Rb8 b5 29. Bxd5+ Bxd5 30. Ne3 Rc1+ 31. Nf1 b4 32. Rxb7 Bxb7 33. Nxb7 b3 0-1

[Event "European Blitz 2017"]
[Site "Katowice POL"]
[Date "2017.12.15"]
[Round "17.85"]
[White "Troyke, Christian"]
[Black "Molenda, Marcin"]
[Result "1-0"]
[WhiteTitle "IM"]
[BlackTitle "FM"]
[WhiteElo "2348"]
[BlackElo "2388"]
[WhiteFideId "4616278"]
[BlackFideId "1173065"]
[EventDate "2017.12.15"]
[EventType "blitz"]

1. g3 d5 2. Bg2 c6 3. c4 Nf6 4. Nf3 Bf5 5. cxd5 cxd5 6. Qb3 Qc8 7. Nc3 e6 8. d3
Nc6 9. Bf4 Be7 10. Rc1 O-O 11. O-O Qd7 12. Ne5 Nxe5 13. Bxe5 Rfc8 14. e4 dxe4
15. dxe4 Bg4 16. h3 Bh5 17. g4 Bg6 18. Rfd1 Qc6 19. Nd5 exd5 20. Rxc6 bxc6 21.
Qb7 Bd8 22. exd5 Nxd5 23. b3 Bb6 24. Bxd5 cxd5 25. Qxd5 Rd8 26. Qf3 Re8 27. Bd4
Be4 28. Qc3 Rad8 29. Qa1 Bf3 30. Rd3 Be2 31. Rd2 Re4 32. Be3 Rxd2 33. Bxd2 Bf3
34. Bc3 Re2 35. Bd4 Rd2 36. Bxb6 Rd1+ 37. Qxd1 Bxd1 38. Bxa7 Bc2 39. Kg2 Bb1 40.
a3 Ba2 41. b4 Bd5+ 42. Kg3 Bc6 43. Bd4 Kf8 44. Kf4 f6 45. Ke3 Ke7 46. f4 Ke6 47.
f5+ Kd5 48. Bc5 g6 49. Kf4 Bb5 50. Be7 Bf1 51. h4 h5 52. fxg6 Ke6 53. g7 Kf7 54.
Bxf6 hxg4 55. Kxg4 1-0

[Event "European Blitz 2017"]
[Site "Katowice POL"]
[Date "2017.12.15"]
[Round "17.86"]
[White "Oglaza, Oskar"]
[Black "Hansen, Mads Smith"]
[Result "1-0"]
[WhiteElo "2245"]
[BlackElo "2347"]
[WhiteFideId "1194402"]
[BlackFideId "1400258"]
[EventDate "2017.12.15"]
[EventType "blitz"]

1. e4 c6 2. d4 d5 3. e5 Bf5 4. Nc3 e6 5. g4 Bg6 6. Nge2 c5 7. h4 h5 8. Nf4 Bh7
9. Nxh5 cxd4 10. Nb5 Nc6 11. Nxd4 Nge7 12. Bb5 Qc7 13. Qe2 O-O-O 14. Be3 Nxe5
15. f4 Nc4 16. Bxc4 dxc4 17. O-O-O c3 18. Nb5 cxb2+ 19. Kxb2 Qa5 20. Qc4+ Nc6
21. Nxa7+ Kc7 22. Rxd8 Ba3+ 23. Kb1 Rxd8 24. Nb5+ Kb8 25. Nxa3 Qxa3 26. Bc5 Qa5
27. Rc1 Rd5 28. Bf8 Rd4 29. Qc5 Rb4+ 30. Ka1 Rb5 31. Qd6+ Ka7 32. Bxg7 Nb4 33.
Qd4+ Ka6 34. Qb2 Nd3 35. Qd4 Nxc1 36. Qc4 Ka7 37. Bd4+ Ka6 38. Nf6 Bxc2 39. Qxc2
Nxa2 40. Qxa2 Qxa2+ 41. Kxa2 Rb4 42. Be5 Rc4 43. h5 Rc2+ 44. Kb3 Rh2 45. g5 Rh3+
46. Kc4 b6 47. h6 Ka5 48. Bc7 Ka4 49. Be5 Ka3 50. Bb2+ Kxb2 51. Kd4 e5+ 52. fxe5 1-0